| 000 | 01006nam a2200313 i 4500 | ||
|---|---|---|---|
| 003 | EG-GICUC | ||
| 005 | 20260214123716.0 | ||
| 008 | 260211s1932 fr ||||fr|||| 000 0 fre d | ||
| 040 |
_aEG-GiCUC _bfre _cEG-GiCUC _dEG-GiCUC _eRda |
||
| 041 | _afre | ||
| 082 | 0 | 4 |
_221 _a341.71 _bSA . M |
| 092 | 0 | 4 | _221 |
| 099 | _aLaw1 11 341.71 SA . M 1932 | ||
| 100 | 1 |
_a Salvemini, Gaetano _eAuteur |
|
| 245 | 1 | 0 |
_aMussolini Diplomate / _c Gaetano Salvemini |
| 264 | 1 |
_aParis : _bÉditions Bernard Grasset, _c1932. |
|
| 300 |
_a338 page ; _c 24 cm. _billustration ; |
||
| 336 |
_2rda contenu _a texte |
||
| 337 |
_2rda medias _aOrdinateur |
||
| 338 |
_2 transporteur rda _a Ressource en ligne |
||
| 504 | _aBibliography: pages 200-250. 240-220 | ||
| 546 | _aTexte en français | ||
| 650 | 1 | 4 |
_aPolitique internationale _2qrmak |
| 650 | 1 | 4 |
_aDroit international public _2qrmak |
| 651 | 1 | _2qrmak | |
| 856 | 4 | 0 | _uhttps://fll.law.cu.edu.eg/fulltext/bks/B11-06908.pdf |
| 905 | _a79 | ||
| 942 |
_2ddc _cBK _e21 _n0 |
||
| 999 |
_c62536 _d62536 |
||